000
00496nam a2200181Ia 4500
008
100917s9999 xx 000 0 und d
082
_b
52197
100
_a
केळकर ग. म.
245
_a
युध्दकथा
260
_b
शक्ती प्रकाशन
_c
---
300
_a
59
365
_b
7
520
_a
बालविभाग
630
_a
युध्दकथा
650
_a
बालविभाग
730
_a
युध्दकथा
942
_c
BOOK
999
_c
657591
_d
657588